LIBRARY & INFORMATION CENTRE, KCAET, TAVANUR

ONLINE PUBLIC ACCESS CATALOGUE (OPAC)

Desalination and water purification, Vol 2 / (Record no. 10082)

MARC details
000 -LEADER
fixed length control field 00456cam a2200181ua 4500
020 ## - INTERNATIONAL STANDARD BOOK NUMBER
ISBN 0-444-4567-1X
041 ## - LANGUAGE CODE
Language code of text/sound track or separate title eng
082 ## - DEWEY DECIMAL CLASSIFICATION NUMBER
Classification number 628.167 028 7
Item number LIO/DE
100 ## - MAIN ENTRY--AUTHOR NAME
Personal name Lior, Noam .
245 ## - TITLE STATEMENT
Title Desalination and water purification, Vol 2 /
260 ## - PUBLICATION, DISTRIBUTION, ETC. (IMPRINT)
Place of publication Amsterdam :
Name of publisher Elsevier ,
Year of publication 1986.
300 ## - PHYSICAL DESCRIPTION
Number of Pages 470 ; .
500 ## - GENERAL NOTE
General note ** Reference
942 ## - ADDED ENTRY ELEMENTS (KOHA)
Koha item type Books
Holdings
Withdrawn status Lost status Damaged status Home library Current library Date acquired Full call number Accession Number Koha item type
      KAUAET KAUAET 07/04/2012 628.167 028 7 17859 Reference
free website counter